La historia del derecho en la Universidad del siglo XXI : (Registro nro. 173566)
[ vista simple ]
| 000 -LEADER | |
|---|---|
| fixed length control field | 01391nam a22003611i 4500 |
| 001 - CONTROL NUMBER | |
| control field | bslw10117909 |
| 006 - FIXED-LENGTH DATA ELEMENTS--ADDITIONAL MATERIAL CHARACTERISTICS--GENERAL INFORMATION | |
| fixed length control field | m o d |
| 007 - PHYSICAL DESCRIPTION FIXED FIELD--GENERAL INFORMATION | |
| fixed length control field | cr un ---uuuua |
| 008 - FIXED-LENGTH DATA ELEMENTS--GENERAL INFORMATION | |
| fixed length control field | 240112s2023 sp ob 000 0 spa d |
| 020 ## - INTERNATIONAL STANDARD BOOK NUMBER | |
| International Standard Book Number | 9788411701945 |
| 020 ## - INTERNATIONAL STANDARD BOOK NUMBER | |
| International Standard Book Number | 9788411703185 |
| Qualifying information | (electrónico) |
| 035 ## - | |
| -- | 41951 |
| 040 ## - CATALOGING SOURCE | |
| Original cataloging agency | UtOrBLW |
| Language of cataloging | eng |
| Description conventions | rda |
| Transcribing agency | UtOrBLW |
| 043 ## - | |
| -- | e-sp--- |
| 050 #4 - | |
| -- | KKT120 |
| -- | .H57 2023 |
| 082 04 - | |
| -- | 349.46 |
| -- | 23 |
| 111 2# - | |
| -- | Sociedad Española de Historia del Derecho |
| -- | (1st : |
| -- | Oct. 28-29, 2021 : |
| -- | Madrid, Spain), |
| -- | author. |
| 245 13 - TITLE STATEMENT | |
| Title | La historia del derecho en la Universidad del siglo XXI : |
| Remainder of title | I congreso de la Sociedad Española de Historia del Derecho. |
| 264 #1 - | |
| -- | Madrid : |
| -- | Editorial Dykinson, |
| -- | 2023. |
| 300 ## - PHYSICAL DESCRIPTION | |
| Extent | 1 online resource (294 pages) |
| 336 ## - | |
| -- | text |
| -- | txt |
| -- | rdacontent |
| 337 ## - | |
| -- | computer |
| -- | c |
| -- | rdamedia |
| 338 ## - | |
| -- | online resource |
| -- | cr |
| -- | rdacarrier |
| 490 1# - SERIES STATEMENT | |
| Series statement | Historia del derecho, |
| International Standard Serial Number | 2255-5137 ; |
| Volume number/sequential designation | 118 |
| 504 ## - BIBLIOGRAPHY, ETC. NOTE | |
| Bibliography, etc | Includes bibliographical references. |
| 500 ## - GENERAL NOTE | |
| General note | Proceedings of a conference held in Madrid, Spain, Oct. 28-29, 2021. |
| 650 #0 - SUBJECT ADDED ENTRY--TOPICAL TERM | |
| Topical term or geographic name as entry element | Law |
| Geographic subdivision | Spain |
| General subdivision | History |
| Chronological subdivision | 21st century |
| Form subdivision | Congresses. |
| 650 #0 - SUBJECT ADDED ENTRY--TOPICAL TERM | |
| Topical term or geographic name as entry element | Law |
| General subdivision | Study and teaching |
| Geographic subdivision | Spain |
| General subdivision | History |
| Chronological subdivision | 21st century |
| Form subdivision | Congresses. |
| 830 #0 - | |
| -- | Historia del derecho ; |
| -- | 118 |
| -- | 2255-5137. |
| 856 40 - LOCALIZACIÓN Y ACCESO ELECTRÓNICO | |
| Identificador Uniforme del Recurso (URI/URL) | https://app.vlex.com/#/sources/41951 |
| 942 ## - | |
| -- | RAA |
| 999 ## - | |
| -- | 173566 |
| -- | 173566 |
No hay ítems disponibles.